000 002950000a22001450004500
005 20120302061501.0
942 _cBOOK
100 _a Bhatruhari
245 _a Shrungaarshatak
260 _aPune:Varada Books,1998.
300 _a54p.
040 _aM.S
365 _b20/-
650 _aSankirna
999 _c354078
_d354075